000
00271nam a22001097a 4500
008
140207t xxu||||| |||| 00| 0 eng d
100
_a
John Vivian
_9
678
245
_a
The Media of mass communication
250
_a
Eight Edition
300
_a
xxxvi, 514 p. :
942
_2
ddc
_c
BK
999
_c
16937
_d
16937